El ultramontanismo y la guerra civil / (Record no. 161941)

MARC details
000 -LEADER
campo de control de longitud fija 00780nam a2200229 i 4500
001 - NÚMERO DE CONTROL
campo de control 161941
003 - IDENTIFICADOR DE NÚMERO DE CONTROL
campo de control ES-MaACL
005 - FECHA Y HORA DE LA ÚLTIMA TRANSACCIÓN
campo de control 20240301063057.0
008 - DATOS DE LONGITUD FIJA--INFORMACIÓN GENERAL
campo de control de longitud fija 041029s1876 sp |||| | spa d
040 ## - FUENTE DE CATALOGACIÓN
Lengua de catalogación spa
Centro/agencia transcriptor ES-MaACL
080 ## - NÚMERO DE LA CLASIFICACIÓN DECIMAL UNIVERSAL
Número de la Clasificación Decimal Universal 272 Ultramontanismo
100 1# - ENTRADA PRINCIPAL--NOMBRE DE PERSONA
Nombre de persona Peris y Valero, José.
9 (RLIN) 131027
Término indicativo de función/relación Autor
245 13 - MENCIÓN DEL TÍTULO
Título El ultramontanismo y la guerra civil /
Mención de responsabilidad, etc. por José Peris y Valero.
260 ## - PUBLICACIÓN, DISTRIBUCIÓN, ETC.
Lugar de publicación, distribución, etc. Valencia :
Nombre del editor, distribuidor, etc. [s.n.],
Fecha de publicación, distribución, etc. 1876
Fabricante (Imprenta de El Mercantil)
300 ## - DESCRIPCIÓN FÍSICA
Extensión 302 páginas ;
Dimensiones 16 cm.
650 #4 - PUNTO DE ACCESO ADICIONAL DE MATERIA--TÉRMINO DE MATERIA
9 (RLIN) 227137
Término de materia o nombre geográfico como elemento de entrada Ultramontanismo
651 ## - PUNTO DE ACCESO ADICIONAL DE MATERIA--NOMBRE GEOGRÁFICO
Nombre geográfico España-
Subdivisión general Historia-
Subdivisión cronológica 1872-1876, Guerra carlista
9 (RLIN) 179965
852 ## - LOCALIZACIÓN
Ubicación ES-MaACL
Ubicación en estantería Sala Valle Inclán
Número de control de estantería D-470
Encuadernación Encuadernación holandesa
942 ## - ELEMENTOS DE ENTRADA SECUNDARIOS (KOHA)
Tipo de ítem Koha Libro impreso antiguo
Suprimir en OPAC No
Holdings
Estatus retirado Estado de pérdida Estado de daño No para préstamo Colección Biblioteca de origen Biblioteca actual Ubicación en estantería Fecha de adquisición Fuente de adquisición Total de préstamos Signatura topográfica completa Código de barras Visto por última vez Precio de reemplazo Tipo de ítem Koha
        Libros del s. XIX Biblioteca del Ateneo de Madrid Biblioteca del Ateneo de Madrid Sala Valle Inclán 17/01/2008     D-470 901169638 23/02/2023 23/02/2023 Libro impreso antiguo